000 01808nam a2200421 i 4500
001 193494
003 ES-MaACL
005 20250724074837.0
007 ta
008 240102s2018 sp 000 0 spa d
020 _a9786202123914
_q(Vol.1)
020 _a9786202137607
_q(Vol.2)
035 _aRebiun22109127
040 _aUAM.C
_bspa
_cES-MaACL
080 _a514.1
080 _a512.64
100 0 _aContreras Caballero, Lucia
_940317
_eaut
245 1 0 _aCurso de Álgebra Lineal y Geometría /
_cLucía Contreras Caballero
260 _a[s.l.] :
_bEditorial Académica Española,
_c2018
300 _a2 volúmenes. :
_bfiguras. ;
_c22 cm
336 _2rdacontent
_aTexto
337 _2rdamedia
_asin mediación
338 _2rdacarrier
_avolumen
504 _aBibliografía
505 2 _aVol.1: Álgebra lineal gradual con observaciones geométricas. - Vol.2: La geometría inferida del Álgebra Lineal
650 7 _aÁlgebra lineal
_9155319
650 7 _aGeometría
_2embne
_913096
740 0 _aÁlgebra lineal gradual con observaciones geométricas
740 3 _aLa geometría inferida del Álgebra Lineal
852 _aES-MaACL
_cDEPOJ
_jN-9680
_hDonación: Lucía Contreras Caballero
_pv.1
_9200973
_bR.154830
_gDedicatoria autógrafa de la autora
_xEncuadernación rústica
852 _aEs-MaACL
_cDEPOJ
_jN-9681
_hDonación: Lucía Contreras Caballero
_9200974
_pv.2
_bR.154830
_gDedicatoria autógrafa de la autora
_xEncuadernación rústica
903 _940317
_aContreras Caballero, Lucia
_ednr
942 _n0
_cMONOGRAFIA
999 _c193494
_d193494